Guess the 1970s song lyrics #63 - Statistics

General Stats
  • This quiz has been taken 27 times
  • The average score is 107 of 209
Answer Stats
Answer % Correct
the
95%
you
86%
You
86%
a
82%
go
82%
it
82%
who
82%
and
77%
And
77%
Do
77%
know
77%
your
77%
is
73%
love
73%
on
73%
in
68%
me
68%
now
68%
of
68%
she
68%
to
68%
To
68%
how
59%
I'll
59%
over
59%
they
59%
Well
59%
Woman
59%
woman
59%
for
55%
Take
55%
up
55%
down
50%
make
50%
Make
50%
out
50%
tell
50%
home
45%
never
45%
Oh
45%
See
45%
did
41%
Gold
41%
those
41%
cry
36%
Dust
36%
dust
36%
loves
36%
she's
36%
break
32%
But
32%
lovers
32%
put
32%
bad
27%
Black
27%
black
27%
illusions
27%
shadow
27%
Shatter
27%
their
27%
better
23%
Pick
23%
pick
23%
pieces
23%
sale
23%
silver
23%
spoon
23%
dig
18%
grave
18%
mornin
18%
Rock
18%
Wake
18%
ancient
14%
Follow
14%
Heartless
14%
kingdom
14%
loud
14%
pale
14%
Pale
14%
queen
14%
Rulers
14%
challenge
9%
dragon
9%
Lousy
9%
path
9%
pray
9%
prey
9%
sunrise
9%
widow
9%
No matching quizzes found
Score Distribution
Percent of People with Each Score
Percentile by Number Answered
Your Score History
You have not taken this quiz